Statistics for 小学1年生が書けるJRの駅名

Click here to take the quiz!

General Stats

  • This quiz has been taken 616 times
    (599 since last reset)
  • The average score is 31 of 200

Answer Stats

Answer% Correct
59%
山口
57%
田町
51%
石川
48%
町田
48%
大川
48%
小山
46%
立川
46%
川口
45%
大森
43%
八王子
42%
小川
41%
青森
41%
大山
40%
中山
40%
小田
39%
山川
39%
目白
37%
上田
37%
王子
36%
いわき
35%
中川
35%
大月
35%
三田
34%
金山
33%
石山
33%
31%
森田
31%
石田
30%
中田
30%
大口
29%
上川
29%
大町
29%
ニセコ
28%
白石
27%
マキノ
27%
川田
26%
山本
26%
青山
26%
小川町
25%
小林
24%
日田
24%
村山
23%
山下
23%
天王
23%
二川
23%
トマム
22%
下山
22%
村上
21%
スペースワールド
21%
大村
21%
十日町
20%
六日町
20%
山手
20%
日立
20%
ユニバーサルシティ
20%
早川
20%
白山
20%
水上
19%
石川町
19%
金町
18%
土山
18%
三川
18%
大石田
18%
女川
17%
木下
17%
ハウステンボス
17%
オレンジタウン
17%
大正
16%
ロイズタウン
16%
八田
16%
本山
16%
竹田
15%
赤川
15%
上下
15%
あしかがフラワーパーク
15%
ししぶ
15%
うきは
15%
みの
15%
田村
14%
生田
13%
ほしみ
13%
大竹
13%
玉川
13%
金川
13%
田山
13%
七日町
13%
十王
13%
ほっとゆだ
13%
金子
12%
五日町
12%
りんくうタウン
12%
上中
12%
小月
11%
田本
11%
二田
11%
円町
10%
大金
10%
田上
10%
十川
10%
バルーンさが
10%
えびの
10%
出水
10%
上山口
10%
上月
10%
10%
月田
9%
立花
9%
三石
9%
小竹
9%
早口
9%
小山田
9%
竹下
9%
八木
9%
生山
8%
小出
8%
大中山
8%
大山口
8%
土気
8%
八川
8%
玉名
7%
日出
7%
日生
7%
大白川
7%
白川口
7%
木ノ本
7%
本名
6%
中山口
6%
立石
6%
二月田
6%
玉水
6%
小田林
6%
竹中
6%
五百川
6%
千早
6%
赤木
6%
千本
6%
立川目
5%
上川口
5%
目名
5%
中土
5%
目出
5%
上二田
5%
上の町
5%
立木
5%
田子
5%
金手
5%
貝田
5%
足立
5%
下山村
4%
上小川
4%
日立木
4%
赤水
4%
十文字
4%
八森
4%
日下
4%
出目
4%
下金山
4%
気山
4%
犬川
4%
下小川
4%
玉川村
4%
木見
3%
中名
3%
いこいの村
3%
三見
3%
大入
3%
木ノ下
3%
石生
3%
三日月
3%
田立
3%
山ノ目
3%
中三田
2%
玉手
2%
上川立
2%
上三田
2%
大草
2%
名手
2%
名草
2%
小見川
2%
学田
2%
五十川
2%
生見
2%
十村
2%
白木山
2%
手ノ子
2%
大田口
2%
山田上口
2%
上八木
1%
木花
1%
上石見
1%
二名
1%
立ケ花
0%

Score Distribution

Percentile by Number Answered

Percent of People with Each Score

Your Score History

You have not taken this quiz since the last reset